| 000 | 00388nam a22001217a 4500 | ||
|---|---|---|---|
| 020 | _a1558607013 | ||
| 082 |
_222 _a005.133 |
||
| 100 | _aDominus, Mark Jason. | ||
| 245 |
_aHigher-order perl : _b(a guide to program transformation) : transforming programs with programs / |
||
| 260 |
_aUSA, _bMorgon Kaufmann Publisher, _cc2005p. |
||
| 300 |
_axviii, 582p. ; _bill. ; _c23 cm. |
||
| 942 |
_2ddc _cIT |
||
| 999 |
_c1486 _d1486 |
||